| 000 | 00614nam a2200193Ia 4500 | ||
|---|---|---|---|
| 003 | GCL | ||
| 008 | 140319s9999 xx 000 0 ara d | ||
| 040 |
_aGCL / _cGCL |
||
| 082 | 0 | 4 |
_a327.114 _bو ح |
| 100 | 1 | _aجورج عزيز (مراجع) | |
| 245 | 1 | 0 |
_aالحكومة الخفية / _cجورج عزيز (مراجع) |
| 700 | 1 | _aوايز, ديفيد | |
| 700 | 1 | _aروس، توماس | |
| 300 | _a411 ص | ||
| 490 |
_aاشهر الكتب الجديدة فى العالم _v0 |
||
| 650 | 0 | 4 | _aالولايات المتحدة الامريكية |
| 650 | 0 | 4 | _aوكالة المخابرات |
| 942 |
_2ddc _cBK |
||
| 999 |
_c46798 _d46798 |
||